The Impossible Quiz Stats

 Plays Quiz Updated Apr 2, 2020

     
Support Sporcle.
Go Orange.
Score 0/12 Timer 07:00
0 Plays Today
Question Answer % Correct
What Ellen Raskin novel won the 1979 Newbery award?The Westing Game
94.9%
George Walton Comprehensive High School
is located in which southern US city?
Marietta, GA
94.6%
The poet Pei Yaoqing, The Marquess Wenxian of Zhaocheng,
lived during what Chinese dynasty?
Tang
94.5%
Who wrote the 1979 Newbery award winning novel 'The Westing Game',
that takes place in the Sunset Towers apartment complex?
Ellen Raskin
94.4%
In what apartment complex do the events of
Ellen Raskin's novel 'The Westing Game' take place?
Sunset Towers
94.3%
What Marietta, Georgia high school was ranked 109th
on Newsweek's 2008 Top Public High School survey?
George Walton Comprehensive High School
93.9%
Where did Newsweek rank Walton High School of Marietta, GA
on its 2008 survey of Top Public High Schools?
109th
93.8%
When he died in 743 AD, The Marquess Wenxian of Zhaocheng
was popularly known by what name?
Pei Yaoqing
93.8%
What is the name for spinal marrow of the sturgeon, a key ingredient of Russian hot fish pie koulibiaca, or its French analog coulibiac?Vesiga
93.7%
The French pie coulibiac uses Vesiga,
made from the spinal marrow of what animal?
sturgeon
93.1%
What was the formal name of the 8th century Tang Dynasty poet Pei Yaoqing?Marquess Wenxian of Zhaocheng
92.9%
Name the hot Russian fish pie that uses vesiga as a key ingredient.Koulibiaca
92.3%

From the Vault

Shrek Voices

by LTH

Movies 6m
We can stay up late, swapping manly stories, and in the morning, I'm making waffles!
Remove Ads.
Support Sporcle.
Get the best of Sporcle when you Go Orange. This ad-free experience offers more features, more stats, and more fun while also helping to support Sporcle. Thank you for becoming a member.

Show Comments

Extras

Top Quizzes Today


Score Distribution

Your Account Isn't Verified!

In order to create a playlist on Sporcle, you need to verify the email address you used during registration. Go to your Sporcle Settings to finish the process.

Report this User

Report this user for behavior that violates our Community Guidelines.

Details: